000 00832nam a2200205Ii 4500
003 JO-AjNU
008 230605s9999||||xx |||||||||||||| ||und||
040 _aJO-AjNU
_bara
_erda
_cJO-AjNU
041 _aara
050 1 4 _aBF637.C45 B4312 1997
100 3 _aتاليف بيز، آلن؛ تعريب سمير شيخاني ,
_eauthor
_959428
245 0 0 _aلغة الجسد: كيف تقرأ أفكار الآخرين من خلال إيماءاتهم 
250 _aط1
264 3 1 _aبيروت: دار الافاق الجديدة، الدار العربية للعلوم، 1997
300 _a205ص
_bيحتوي على صور توضيحية
336 _atext
_btxt
_2rdacontent
337 _aunmediated
_bn
_2rdamedia
338 _avolume
_bnc
_2rdacarrier
650 4 _aالإتصال الغير لفظي(علم النفس)
_959429
999 _aA26742
_c30310
_d30310